[Event "Pan American-ch School U15 12th"]
[Site "Callao"]
[Date "2023.10.16"]
[Round "2"]
[White "Caceres Sandoval, Eduardo"]
[Black "Ramirez Espino, Alessandro"]
[Result "1-0"]
[WhiteElo "1822"]
[BlackElo "1498"]
[PlyCount "67"]
[EventDate "2023.10.16"]
[EventType "swiss"]
[EventRounds "9"]
[EventCountry "PER"]
[SourceTitle "Mega2024 Update 01"]
[Source "Chessbase"]
[SourceDate "2023.11.12"]
[SourceVersion "1"]
[SourceVersionDate "2023.11.12"]
[SourceQuality "1"]

1. e4 c5 2. Nf3 e6 3. d4 cxd4 4. Nxd4 a6 5. c4 Nf6 6. Nc3 Bb4 7. Qd3 d5 8. exd5 exd5 9. Be2 0-0 10. 0-0 dxc4 11. Qxc4 Bxc3 12. Qxc3 h6 13. Bf3 Nbd7 14. Bf4 Re8 15. Rfe1 Nf8 16. Rxe8 Qxe8 17. Re1 Qd7 18. Be5 Ng4 19. Bxg7 Qd6 20. Re8 Qxh2+ 21. Kf1 Qh4 22. Rxf8+ Kh7 23. Rh8+ Kg6 24. Bxg4 Qh1+ 25. Ke2 Bxg4+ 26. Nf3 Rxh8 27. Qf6+ Kh7 28. Bxh8 Bxf3+ 29. Kxf3 Qh5+ 30. Kg3 Qg6+ 31. Qxg6+ fxg6 32. Bd4 Kg8 33. Kf4 Kf7 34. Ke5 1-0

[Event "PER-ch"]
[Site "Lima"]
[Date "2023.08.30"]
[Round "2"]
[White "Vera Siguenas, Deivy Anthoni"]
[Black "Caceres Sandoval, Eduardo"]
[Result "1-0"]
[WhiteElo "2463"]
[BlackElo "1812"]
[PlyCount "67"]
[EventDate "2023.08.29"]
[EventType "swiss"]
[EventRounds "9"]
[EventCountry "PER"]
[SourceTitle "EXT 2024"]
[Source "ChessBase"]
[SourceDate "2023.10.10"]
[SourceVersion "1"]
[SourceVersionDate "2023.10.10"]
[SourceQuality "1"]

1. e4 c5 2. Nf3 Nf6 3. e5 Nd5 4. Nc3 e6 5. g3 d6 6. exd6 Bxd6 7. Bg2 0-0 8. 0-0 Nc6 9. Nxd5 exd5 10. d4 Bg4 11. dxc5 Bxc5 12. h3 Bh5 13. c3 Rc8 14. Qb3 Qd7 15. Bf4 Rfd8 16. Rfe1 Bg6 17. Qb5 Ne5 18. Qxd7 Nxd7 19. Nh4 Nb6 20. Nxg6 hxg6 21. Rad1 Na4 22. Re2 d4 23. Red2 Rd7 24. cxd4 Bd6 25. Bxd6 Rxd6 26. b3 Nc3 27. Rc2 b5 28. a3 Re6 29. Bf3 a5 30. b4 axb4 31. axb4 Nxd1 32. Rxc8+ Kh7 33. d5 Re1+ 34. Kg2 1-0

[Event "Pan American-ch Hybrid U14 31st"]
[Site "Tornelo INT"]
[Date "2021.09.04"]
[Round "8"]
[White "Camargo Vasquez, Sayre Sebastian"]
[Black "Caceres Sandoval, Eduardo"]
[Result "0-1"]
[WhiteElo "1155"]
[BlackElo "1772"]
[PlyCount "66"]
[EventDate "2021.09.04"]
[EventType "swiss"]
[EventRounds "9"]
[EventCountry "NET"]
[SourceTitle "EXT 2023"]
[Source "ChessBase"]
[SourceDate "2022.10.05"]
[SourceVersion "1"]
[SourceVersionDate "2022.10.05"]
[SourceQuality "1"]

1. e4 c5 2. Nf3 e6 3. d4 cxd4 4. Nxd4 Nf6 5. Nc3 Bb4 6. Ndb5 d6 7. a3 Bxc3+ 8. Nxc3 h6 9. Be3 a6 10. g3 0-0 11. Bg2 Nc6 12. f4 Re8 13. 0-0 d5 14. e5 Nd7 15. Ne2 b5 16. g4 Bb7 17. Nd4 Qc7 18. Rf3 Rac8 19. c3 Nb6 20. Nxc6 Bxc6 21. b4 d4 22. Bxd4 Bxf3 23. Bxb6 Qxb6+ 24. Qd4 Qxd4+ 25. cxd4 Bxg2 26. Kxg2 Red8 27. Rd1 Rc4 28. h3 Rdxd4 29. Re1 Rc2+ 30. Kg3 Rd3+ 31. Kh4 Rh2 32. g5 Rhxh3+ 33. Kg4 h5# 0-1

[Event "Pan American-ch U10"]
[Site "Santiago de Chile"]
[Date "2018.07.25"]
[Round "6"]
[White "Lavandeira, Juan Facundo"]
[Black "Caceres Sandoval, Eduardo"]
[Result "0-1"]
[WhiteElo "1449"]
[BlackElo "1451"]
[PlyCount "87"]
[EventDate "2018.07.22"]
[EventType "swiss"]
[EventRounds "9"]
[EventCountry "CHI"]
[SourceTitle "EXT 2022"]
[Source "ChessBase"]
[SourceDate "2021.10.06"]
[SourceVersion "1"]
[SourceVersionDate "2021.10.06"]
[SourceQuality "1"]

1. d4 d5 2. c4 c6 3. Nf3 Nf6 4. g3 Bf5 5. Bg2 e6 6. 0-0 Be7 7. Nbd2 h6 8. Qb3 Qc7 9. cxd5 exd5 10. Ne5 0-0 11. Ndf3 Nbd7 12. Bf4 Qb6 13. Nxd7 Nxd7 14. Nd2 Qxb3 15. Nxb3 Rfe8 16. Rfe1 Bb4 17. Bd2 Bxd2 18. Nxd2 Nf6 19. a3 Ne4 20. Nxe4 Bxe4 21. Bxe4 Rxe4 22. a4 a5 23. Ra3 Rae8 24. Rb3 Rxd4 25. Rxb7 Rxa4 26. Rc1 Rc8 27. Rb6 Rb4 28. Rxb4 axb4 29. f3 Kf8 30. e4 dxe4 31. fxe4 Ke7 32. Kf2 Kd6 33. Ke3 c5 34. b3 Ra8 35. e5+ Kd5 36. Kf4 Ra3 37. Rb1 c4 38. bxc4+ Kxc4 39. Kf5 Kc3 40. e6 Ra5+ 41. Ke4 fxe6 42. h4 b3 43. Rc1+ Kb2 44. Rc7 0-1

[Event "Pan American-ch U10"]
[Site "San Jose"]
[Date "2017.07.03"]
[Round "5.9"]
[White "Caceres Sandoval, Eduardo"]
[Black "Clarke, Kishan"]
[Result "1-0"]
[WhiteElo "1436"]
[BlackElo "1359"]
[PlyCount "97"]
[EventDate "2017.07.01"]
[EventType "swiss"]
[EventRounds "9"]
[EventCountry "CRI"]
[SourceTitle "EXT 2022"]
[Source "ChessBase"]
[SourceDate "2021.10.06"]
[SourceVersion "1"]
[SourceVersionDate "2021.10.06"]
[SourceQuality "1"]

1. e4 e6 2. d4 d5 3. Nc3 Nf6 4. Bg5 Be7 5. e5 Nfd7 6. Bxe7 Qxe7 7. f4 a6 8. Nf3 c5 9. dxc5 Nc6 10. Qd2 Nxc5 11. 0-0-0 b5 12. Bd3 b4 13. Ne2 a5 14. Ned4 Nxd3+ 15. Qxd3 Nxd4 16. Nxd4 a4 17. h4 Ba6 18. Qg3 Qf8 19. f5 Bc8 20. Rhf1 Qg8 21. Qh3 Ra6 22. Nb5 Rc6 23. Qe3 b3 24. axb3 axb3 25. Qxb3 Kf8 26. Qb4+ Ke8 27. Nd6+ Kd8 28. fxe6 Bxe6 29. Rd3 Kd7 30. Qb7+ Rc7 31. Qb5+ Kd8 32. Ra3 Ke7 33. Qb4 Kd7 34. Qb5+ Ke7 35. Qb4 Kd7 36. Nf5 Ke8 37. Ra8+ Rc8 38. Nd6+ Kd7 39. Rxc8 Qxc8 40. Nxc8 Rxc8 41. Qd6+ Ke8 42. b4 Ra8 43. Qc6+ Bd7 44. Qxa8+ Ke7 45. Qxd5 Be6 46. Qd6+ Ke8 47. Rd1 f6 48. Qxe6+ Kf8 49. Rd8# 1-0